| 000 | 00479nam a2200181 4500 | ||
|---|---|---|---|
| 003 | LK-CoDNM | ||
| 005 | 20240104143213.0 | ||
| 008 | 240104b |||||||| |||| 00| 0 eng d | ||
| 020 | _a9786245546381 | ||
| 040 |
_aLK-CoDNM _dLK-CoDNM _eLK-CoDNM |
||
| 041 | _asin | ||
| 080 |
_aX8C31 _bජයල |
||
| 100 | _aජයලත්,මනෝහරී | ||
| 245 | _aගිරිජා | ||
| 260 |
_aKalubowila _bVidarshana Publishers _c2022 |
||
| 300 | _a324p.,18cm | ||
| 942 |
_n0 _cBK |
||
| 999 |
_c144322 _d144322 |
||